[Event "Cappelle-la-Grande"]
[Site "Cappelle-la-Grande (FRA)"]
[Date "2013.02.24"]
[Round "2.37"]
[White "Marechal, Andy"]
[Black "Vovk, Yuri"]
[Result "0-1"]
[WhiteElo "2354"]
[BlackElo "2594"]
[PlyCount "98"]
[EventDate "2013.??.??"]

1. d4 Nf6 2. Nf3 g6 3. Bf4 Bg7 4. e3 O-O 5. h3 c5 6. c3 b6 7. Be2 Bb7 8. O-O d6
9. a4 a6 10. Na3 Nbd7 11. Qb3 cxd4 12. cxd4 Bd5 13. Bc4 Bxf3 14. gxf3 e5 15.
dxe5 dxe5 16. Bg3 Nc5 17. Qc2 Nh5 18. Rad1 Qg5 19. h4 Qe7 20. Bd5 Rad8 21. Nc4
e4 22. fxe4 Nxg3 23. fxg3 Qc7 24. Kg2 b5 25. axb5 axb5 26. Nd2 Qe7 27. Nb3 Nd7
28. Nd4 Ne5 29. Qe2 b4 30. b3 Rc8 31. Rc1 Rc3 32. Nb5 Rc5 33. Rxc5 Qxc5 34. Nd4
h5 35. Qc2 Qa7 36. Nc6 Qc7 37. Nd4 Qd6 38. Qe2 Bh6 39. Rf2 Qc7 40. Qc2 Qb6 41.
Qd2 Rc8 42. Nc2 Rc3 43. Qd4 Qc7 44. Kh3 Kh7 45. Qd2 Qd7+ 46. Kg2 Ng4 47. Re2
Qc7 48. Kh1 Qxg3 49. Bxf7 Qf3+ 0-1

[Event "Cappelle-la-Grande"]
[Site "Cappelle-la-Grande (FRA)"]
[Date "2013.02.24"]
[Round "2.39"]
[White "Nabaty, Tamir"]
[Black "Clery, Nicolas"]
[Result "1/2-1/2"]
[WhiteElo "2573"]
[BlackElo "2373"]
[PlyCount "48"]
[EventDate "2013.??.??"]

1. d4 d5 2. c4 e6 3. Nc3 Be7 4. Bf4 Nf6 5. e3 O-O 6. Rc1 c5 7. dxc5 Bxc5 8.
cxd5 exd5 9. Bb5 Nc6 10. Nge2 d4 11. exd4 Nxd4 12. Nxd4 Qxd4 13. Qxd4 Bxd4 14.
Bd6 Bxc3+ 15. bxc3 Rd8 16. Bc7 Rd5 17. c4 Rd4 18. c5 Bd7 19. Bxd7 Rxd7 20. Bf4
Nd5 21. Be3 Nxe3 22. fxe3 Rad8 23. O-O Rd2 24. Rf2 Rxf2 1/2-1/2

[Event "Cappelle-la-Grande"]
[Site "Cappelle-la-Grande (FRA)"]
[Date "2013.02.24"]
[Round "2.42"]
[White "Jovanic, Ognjen"]
[Black "Hopman, Pieter"]
[Result "1-0"]
[WhiteElo "2547"]
[BlackElo "2347"]
[PlyCount "79"]
[EventDate "2013.??.??"]

1. c4 e5 2. Nc3 d6 3. g3 f5 4. d4 Be7 5. Bh3 Nf6 6. Nf3 e4 7. Nh4 g6 8. Bh6 Kf7
9. Ng2 Re8 10. O-O c5 11. Be3 Nc6 12. Qd2 h5 13. Rad1 Ng4 14. Bxg4 hxg4 15.
dxc5 dxc5 16. Nd5 Be6 17. Ngf4 Bf8 18. a3 b6 19. b4 Qc8 20. Qc1 Ne5 21. Nxe6
Rxe6 22. Bf4 cxb4 23. Bxe5 Rxe5 24. axb4 Qc6 25. b5 Qc5 26. Qg5 Be7 27. Qh6 Rg8
28. Qh7+ Rg7 29. Qh8 Qxc4 30. Nxe7 Rxe7 31. Rd8 e3 32. Qf8+ Ke6 33. Rfd1 exf2+
34. Kxf2 Qc5+ 35. Kg2 Qe5 36. R1d2 f4 37. gxf4 Qe4+ 38. Kf2 Ref7 39. R8d6+ Kf5
40. R2d5+ 1-0

[Event "Cappelle-la-Grande"]
[Site "Cappelle-la-Grande (FRA)"]
[Date "2013.02.24"]
[Round "2.43"]
[White "Gopal G.n."]
[Black "Martynov, Pavel"]
[Result "1-0"]
[WhiteElo "2545"]
[BlackElo "2323"]
[PlyCount "64"]
[EventDate "2013.??.??"]

1. e4 e6 2. d4 d5 3. Nc3 Bb4 4. e5 c5 5. a3 Bxc3+ 6. bxc3 Qa5 7. Bd2 Qa4 8. Qg4
g6 9. Rc1 Nc6 10. Nf3 c4 11. Be2 Bd7 12. h4 h6 13. O-O O-O-O 14. Nh2 Rf8 15. h5
g5 16. f4 f5 17. fxg5 fxg4 18. Rxf8+ Kc7 19. g6 Nce7 20. Rf7 Nf5 21. Rh7 Nge7
22. Rxh8 Ng3 23. Bxg4 Ne4 24. Bxh6 Qxa3 25. g7 Qxc3 26. Nf3 Ng3 27. Re1 Qxc2
28. Bg5 Ne4 29. Bxe7 Qf2+ 30. Kh1 Qg3 31. g8=Q Nf2+ 32. Kg1 Nxg4 1-0

[Event "Cappelle-la-Grande"]
[Site "Cappelle-la-Grande (FRA)"]
[Date "2013.02.24"]
[Round "2.44"]
[White "Boric, Elena"]
[Black "Jojua, Davit"]
[Result "0-1"]
[WhiteElo "2273"]
[BlackElo "2543"]
[PlyCount "74"]
[EventDate "2013.??.??"]

1. d4 Nf6 2. Nf3 g6 3. g3 Bg7 4. Bg2 O-O 5. O-O d6 6. c4 Nc6 7. Nc3 a6 8. e4
Bg4 9. h3 Bxf3 10. Bxf3 e5 11. d5 Nd4 12. Bg2 c5 13. dxc6 bxc6 14. Be3 Nd7 15.
Ne2 c5 16. f4 Rb8 17. Rb1 Qa5 18. a3 Nxe2+ 19. Qxe2 exf4 20. Bxf4 Ne5 21. Rfd1
Rb6 22. Qc2 Rc6 23. Rd5 Qc7 24. Rbd1 Rb8 25. R1d2 Rcb6 26. Qa4 h6 27. g4 Kh7
28. Kh1 Qe7 29. Bg3 Qg5 30. Rxd6 Rxd6 31. Rxd6 Qe3 32. Bh2 Qe1+ 33. Bg1 Nxg4
34. Qc2 Rxb2 35. Rd1 Nf2+ 36. Qxf2 Qxd1 37. Qxc5 Qe2 0-1

[Event "Cappelle-la-Grande"]
[Site "Cappelle-la-Grande (FRA)"]
[Date "2013.02.24"]
[Round "2.47"]
[White "Atakisi, Umut"]
[Black "Naumkin, Igor"]
[Result "1/2-1/2"]
[WhiteElo "2320"]
[BlackElo "2495"]
[PlyCount "92"]
[EventDate "2013.??.??"]

1. e4 e5 2. Nf3 Nc6 3. Bb5 a6 4. Ba4 Nf6 5. O-O Nxe4 6. d4 b5 7. Bb3 d5 8. dxe5
Be6 9. Nbd2 Nc5 10. c3 Be7 11. Bc2 Bg4 12. Re1 Qd7 13. Nf1 Rd8 14. Ne3 Bh5 15.
b4 Ne6 16. g4 Bg6 17. Nf5 O-O 18. a4 Rfe8 19. axb5 axb5 20. Bd3 Rb8 21. Qe2
Ncd8 22. Ra7 Bf8 23. Be3 f6 24. Rd1 Nf7 25. Be4 Nxe5 26. Nxe5 fxe5 27. Rxd5 Qc6
28. Qc2 Qc4 29. Rxe5 Rbd8 30. h3 Ng5 31. Bxg5 Rxe5 32. Bxd8 Rxe4 33. Qa2 Qxa2
34. Rxa2 c5 35. bxc5 Bxc5 36. Ra5 Be8 37. Bc7 Re1+ 38. Kh2 Bxf2 39. Ra8 Re2 40.
Kh1 Bc5 41. Bd6 Bxd6 42. Nxd6 Kf8 43. Rb8 Re6 44. Nxe8 Rxe8 45. Rxb5 Re3 46.
Kg2 Rxc3 1/2-1/2

[Event "Cappelle-la-Grande"]
[Site "Cappelle-la-Grande (FRA)"]
[Date "2013.02.24"]
[Round "2.49"]
[White "Doluhanova, Evgeniya"]
[Black "Brynell, Stellan"]
[Result "1-0"]
[WhiteElo "2266"]
[BlackElo "2485"]
[PlyCount "83"]
[EventDate "2013.??.??"]

1. e4 e6 2. d4 d5 3. Nc3 Nf6 4. Bg5 Bb4 5. exd5 Qxd5 6. Bxf6 Bxc3+ 7. bxc3 gxf6
8. Nf3 Qa5 9. Qd2 Bd7 10. c4 Qxd2+ 11. Nxd2 Bc6 12. f3 Nd7 13. Bd3 O-O-O 14.
Kf2 Nb6 15. c3 Na4 16. Rac1 h6 17. Be4 Be8 18. Rb1 Nc5 19. dxc5 Rxd2+ 20. Ke3
Rxa2 21. Bxb7+ Kd8 22. f4 Ra5 23. c6 Ke7 24. Ra1 Rc5 25. Kd4 Kd6 26. Rhd1 a5
27. Ke3+ Ke7 28. Kd4 Kd6 29. Ke3+ Ke7 30. Kd4 Rh5 31. g3 Rxh2 32. Rxa5 Bxc6 33.
Bxc6 Rd8+ 34. Bd5 Rg2 35. Kc5 Rxg3 36. Re1 Rxc3 37. Kb4 Rc2 38. Ra7 Kd6 39.
Ra6+ Ke7 40. f5 e5 41. Rg1 Rf2 42. Rg7 1-0

[Event "Cappelle-la-Grande"]
[Site "Cappelle-la-Grande (FRA)"]
[Date "2013.02.24"]
[Round "2.50"]
[White "Flores Rios, Mauricio"]
[Black "Bartel, Michal"]
[Result "1-0"]
[WhiteElo "2481"]
[BlackElo "2273"]
[PlyCount "53"]
[EventDate "2013.??.??"]

1. d4 d5 2. c4 dxc4 3. e3 e5 4. Bxc4 exd4 5. exd4 Nf6 6. Nf3 Be7 7. O-O O-O 8.
Nc3 Nbd7 9. Re1 Nb6 10. Bb3 c6 11. Bg5 Nfd5 12. Rxe7 Nxe7 13. Qe2 Re8 14. Re1
Kf8 15. Ne5 Nbd5 16. Qh5 Be6 17. Bxe7+ Qxe7 18. Qxh7 Nf6 19. Qh8+ Ng8 20. Bxe6
Qxe6 21. Ne4 Qxa2 22. Nc5 Ke7 23. Qxg7 Kd6 24. Qg3 a5 25. Nc4+ Kd5 26. Nb6+
Kxd4 27. Qc3# 1-0

[Event "Cappelle-la-Grande"]
[Site "Cappelle-la-Grande (FRA)"]
[Date "2013.02.24"]
[Round "2.51"]
[White "Gajek, Radoslaw"]
[Black "Wagner, Dennis"]
[Result "1/2-1/2"]
[WhiteElo "2273"]
[BlackElo "2481"]
[PlyCount "100"]
[EventDate "2013.??.??"]

1. e4 e5 2. Nf3 Nc6 3. Bb5 a6 4. Bxc6 dxc6 5. O-O Be7 6. h3 Bf6 7. c3 c5 8. d4
cxd4 9. cxd4 exd4 10. e5 Be7 11. Nxd4 c5 12. Nb3 Qxd1 13. Rxd1 b6 14. Nc3 Bb7
15. a4 h5 16. Nd2 Rh6 17. Nde4 Re6 18. Nd5 Bxd5 19. Rxd5 Rd8 20. Rxd8+ Kxd8 21.
Bf4 f6 22. Rd1+ Kc8 23. Rd5 fxe5 24. Bxe5 Kb7 25. f4 Kc6 26. Rd3 g5 27. Ng3
gxf4 28. Bxf4 h4 29. Nf5 Bf6 30. b3 Ne7 31. Nxe7+ Bxe7 32. Kf2 b5 33. axb5+
axb5 34. Re3 Rxe3 35. Kxe3 Bd6 36. Bg5 Bg3 37. Ke4 c4 38. bxc4 bxc4 39. Kd4 Kb5
40. Bd2 Bf2+ 41. Kd5 Bc5 42. Be1 Be7 43. g3 Bb4 44. Bf2 Bd2 45. Ke4 hxg3 46.
Bxg3 Kb4 47. Be5 Be1 48. Kf3 Kb3 49. Kg4 c3 50. Bxc3 Kxc3 1/2-1/2

[Event "Cappelle-la-Grande"]
[Site "Cappelle-la-Grande (FRA)"]
[Date "2013.02.24"]
[Round "2.53"]
[White "Cappon, John"]
[Black "Janev, Evgeni"]
[Result "1/2-1/2"]
[WhiteElo "2239"]
[BlackElo "2469"]
[PlyCount "82"]
[EventDate "2013.??.??"]

1. e4 Nf6 2. e5 Nd5 3. d4 d6 4. Nf3 Nb6 5. a4 a5 6. Bb5+ c6 7. Bd3 dxe5 8. dxe5
Bg4 9. h3 Bxf3 10. Qxf3 e6 11. O-O N8d7 12. Qg3 Qc7 13. Re1 Nc5 14. Bf1 f5 15.
Nc3 Qf7 16. Be3 Qg6 17. Qf4 Be7 18. b4 axb4 19. Qxb4 Nbd7 20. Rad1 Kf7 21. Rd6
Bxd6 22. exd6 b6 23. Bxc5 bxc5 24. Qb7 Rad8 25. Bc4 Rhe8 26. Qxc6 Qf6 27. Nb5
Ne5 28. Qxc5 Nd7 29. Qa7 Kg6 30. Nc7 Qc3 31. Rxe6+ Rxe6 32. Nxe6 Qe1+ 33. Kh2
Qe5+ 34. g3 Rc8 35. Qxd7 Rxc4 36. Nf8+ Kf6 37. Nxh7+ Kg6 38. Nf8+ Kf6 39. Nh7+
Kg6 40. Nf8+ Kf6 41. Nh7+ Kg6 1/2-1/2

[Event "Cappelle-la-Grande"]
[Site "Cappelle-la-Grande (FRA)"]
[Date "2013.02.24"]
[Round "2.56"]
[White "Kerigan, Demre"]
[Black "Monroy, Charles"]
[Result "0-1"]
[WhiteElo "2258"]
[BlackElo "2443"]
[PlyCount "56"]
[EventDate "2013.??.??"]

1. e4 c5 2. Nf3 e6 3. d4 cxd4 4. Nxd4 a6 5. c4 Nf6 6. Nc3 Qc7 7. a3 b6 8. Be2
Bb7 9. f3 Be7 10. Be3 d6 11. O-O O-O 12. Qd2 Nbd7 13. a4 Rab8 14. Rfc1 Rfc8 15.
Nb3 Nc5 16. Nxc5 bxc5 17. a5 Bc6 18. Rcb1 Rb7 19. Na4 Rcb8 20. Nb6 Nd7 21. Nd5
exd5 22. exd5 Bf6 23. dxc6 Rxb2 24. Rxb2 Rxb2 25. Qd1 Ne5 26. Bf4 Nxc6 27. Bxd6
Qd8 28. Kf1 Rxe2 0-1

[Event "Cappelle-la-Grande"]
[Site "Cappelle-la-Grande (FRA)"]
[Date "2013.02.24"]
[Round "2.57"]
[White "Pedersen, Nicolai Vesterbaek"]
[Black "Gryson, Wouter"]
[Result "1-0"]
[WhiteElo "2443"]
[BlackElo "2243"]
[PlyCount "115"]
[EventDate "2013.??.??"]

1. d4 Nf6 2. c4 g6 3. Nc3 Bg7 4. e4 d6 5. Be2 O-O 6. Bg5 Na6 7. f4 c5 8. d5 Qb6
9. Qd2 e6 10. Rb1 Nc7 11. dxe6 Nxe6 12. Bxf6 Bxf6 13. Nd5 Qd8 14. Nf3 Bg7 15.
O-O Nd4 16. Bd3 Be6 17. Ne3 b5 18. b3 bxc4 19. bxc4 Rb8 20. Rxb8 Qxb8 21. f5
Bd7 22. Nd5 Nxf3+ 23. Rxf3 Qb2 24. Qg5 Qa1+ 25. Bf1 Qe5 26. Qe7 Qxe7 27. Nxe7+
Kh8 28. f6 Bh6 29. Ra3 Be6 30. Kf2 Bg5 31. Nd5 Ra8 32. Ra6 Bxd5 33. cxd5 Bxf6
34. Rxd6 Bd4+ 35. Kf3 Rb8 36. Ra6 Rb2 37. Be2 Rb7 38. Rc6 Kg7 39. Bc4 Be5 40.
Rxc5 Rc7 41. Rc6 Rxc6 42. dxc6 Kf8 43. h3 Ke7 44. Bd5 h5 45. h4 Bc7 46. Ke3 Be5
47. Kd3 f6 48. Kc4 Kd6 49. Kb5 g5 50. Ka6 Kc7 51. Kxa7 Bg3 52. hxg5 fxg5 53.
Ka6 Be5 54. Kb5 g4 55. Be6 Bf4 56. a4 Bd2 57. Bd7 Be3 58. a5 1-0

[Event "Cappelle-la-Grande"]
[Site "Cappelle-la-Grande (FRA)"]
[Date "2013.02.24"]
[Round "2.58"]
[White "Bruno, Fabio"]
[Black "Peric, Slavisa"]
[Result "1-0"]
[WhiteElo "2440"]
[BlackElo "2238"]
[PlyCount "71"]
[EventDate "2013.??.??"]

1. d4 d5 2. Nf3 e6 3. c4 dxc4 4. e3 a6 5. Bxc4 Nf6 6. O-O c5 7. a4 Nc6 8. Nc3
Be7 9. Qe2 O-O 10. Rd1 Qc7 11. b3 b6 12. Bb2 Bb7 13. d5 exd5 14. Nxd5 Nxd5 15.
Bxd5 Rad8 16. Qc4 Qc8 17. Bc3 Qf5 18. e4 Qg6 19. Rd3 Bf6 20. Rad1 Bxc3 21. Qxc3
Rb8 22. Nh4 Qf6 23. Qxf6 gxf6 24. Nf5 Kh8 25. Nd6 Nd8 26. Bc4 Nc6 27. Nxf7+
Rxf7 28. Bxf7 Nd4 29. f3 Kg7 30. Bd5 Bxd5 31. exd5 Ne2+ 32. Kf2 Nf4 33. Re3 Rd8
34. Re7+ Kg6 35. d6 Nh5 36. Rb7 1-0

[Event "Cappelle-la-Grande"]
[Site "Cappelle-la-Grande (FRA)"]
[Date "2013.02.24"]
[Round "2.59"]
[White "Aghasaryan, Robert"]
[Black "Gasik, Anna"]
[Result "1-0"]
[WhiteElo "2425"]
[BlackElo "2232"]
[PlyCount "71"]
[EventDate "2013.??.??"]

1. d4 d5 2. c4 c6 3. Nf3 Nf6 4. Qc2 g6 5. Bf4 dxc4 6. Qxc4 Bg7 7. e3 Qb6 8. Qc1
Bf5 9. Nbd2 Na6 10. Be2 Nb4 11. O-O Nd3 12. Bxd3 Bxd3 13. Re1 Nd5 14. Be5 O-O
15. Bxg7 Kxg7 16. Nb3 Nf6 17. Nc5 Bf5 18. e4 Bc8 19. Ne5 Rd8 20. Qc4 e6 21. Qc3
a5 22. a3 a4 23. Nc4 Qc7 24. e5 Ne8 25. Ne4 b6 26. Ncd6 c5 27. dxc5 bxc5 28.
Nxc5 Kg8 29. Nxe8 Rxe8 30. Nxa4 Qa7 31. Nc5 Bb7 32. b4 Rec8 33. h4 Qb6 34. Red1
Qc6 35. Qg3 Rd8 36. Rd6 1-0

[Event "Cappelle-la-Grande"]
[Site "Cappelle-la-Grande (FRA)"]
[Date "2013.02.24"]
[Round "2.60"]
[White "Jeanne, Mickael"]
[Black "Solomon, Kenny"]
[Result "1-0"]
[WhiteElo "2206"]
[BlackElo "2423"]
[PlyCount "86"]
[EventDate "2013.??.??"]

1. Nf3 Nf6 2. c4 e6 3. Nc3 Bb4 4. Qc2 O-O 5. a3 Bxc3 6. Qxc3 b6 7. b4 a5 8. Bb2
Qe7 9. e3 axb4 10. axb4 Rxa1+ 11. Bxa1 Na6 12. b5 Nc5 13. Be2 Bb7 14. O-O Ra8
15. d3 Ra2 16. Re1 Qf8 17. Qb4 Qa8 18. Bxf6 gxf6 19. Qc3 Kg7 20. Qd4 Qa5 21.
Kf1 Bxf3 22. Bxf3 Nb3 23. Qg4+ Kf8 24. Rd1 Qc3 25. Kg1 Ra1 26. Rxa1 Qxa1+ 27.
Bd1 Qc3 28. Be2 Qc1+ 29. Bd1 Nc5 30. Qe2 Qc3 31. Bc2 e5 32. g3 Ne6 33. Kg2 c6
34. bxc6 dxc6 35. Ba4 Nc5 36. Bxc6 Nxd3 37. Bd5 Nb4 38. Qf3 Ke7 39. Qe4 Nd3 40.
Qxh7 Ne1+ 41. Kh3 Qc2 42. Qxf7+ Kd6 43. Qxf6+ Kc7 1-0

[Event "Cappelle-la-Grande"]
[Site "Cappelle-la-Grande (FRA)"]
[Date "2013.02.24"]
[Round "2.61"]
[White "Song, Julien"]
[Black "Andrenko, Irina"]
[Result "1/2-1/2"]
[WhiteElo "2422"]
[BlackElo "2228"]
[PlyCount "126"]
[EventDate "2013.??.??"]

1. d4 Nf6 2. Nf3 g6 3. Nbd2 d5 4. b4 Bg7 5. e3 O-O 6. c4 c6 7. Be2 Bg4 8. O-O
Nbd7 9. Bb2 Re8 10. Rc1 e6 11. h3 Bxf3 12. Bxf3 Qb6 13. Bc3 a6 14. Qb3 h5 15.
a4 Nf8 16. b5 axb5 17. axb5 N8h7 18. bxc6 Qxb3 19. Nxb3 bxc6 20. Na5 Rec8 21.
c5 Ng5 22. Be2 Nfe4 23. Bb4 e5 24. dxe5 Ne6 25. f4 N6xc5 26. Bxc5 Rxa5 27. Bb6
Ng3 28. Rfe1 Nxe2+ 29. Rxe2 Rb5 30. Bc5 Bf8 31. Rec2 Bxc5 32. Rxc5 Rxc5 33.
Rxc5 Kf8 34. Kf2 Ke7 35. e4 dxe4 36. Ke3 f5 37. exf6+ Kxf6 38. g4 hxg4 39. hxg4
Rc7 40. g5+ Kf7 41. Rc3 Rc8 42. Kxe4 Re8+ 43. Kf3 Re6 44. Kg4 Rd6 45. Rc5 Re6
46. Kf3 Kg7 47. Rc1 Kf7 48. Ra1 Kf8 49. Ra8+ Kf7 50. Rc8 Ke7 51. Rc7+ Kf8 52.
Ra7 Ke8 53. f5 gxf5 54. Kf4 Re7 55. Ra6 Rc7 56. Kxf5 Kf7 57. Ra1 Rd7 58. Ra6
Rc7 59. Ke5 Kg6 60. Kd6 Rg7 61. Ra5 Kh5 62. Kxc6 Rxg5 63. Rxg5+ Kxg5 1/2-1/2

[Event "Cappelle-la-Grande"]
[Site "Cappelle-la-Grande (FRA)"]
[Date "2013.02.24"]
[Round "2.62"]
[White "Todorcevic Antic, Miodrag"]
[Black "Soyez, Cyril"]
[Result "1-0"]
[WhiteElo "2419"]
[BlackElo "2219"]
[PlyCount "127"]
[EventDate "2013.??.??"]

1. Nf3 c5 2. e4 g6 3. d3 Bg7 4. g3 Nc6 5. Bg2 Nf6 6. O-O d5 7. Nbd2 O-O 8. c3
Qc7 9. Re1 Bg4 10. h3 Bxf3 11. Nxf3 dxe4 12. dxe4 e5 13. Nd2 b5 14. a4 a6 15.
Nf1 c4 16. Be3 Na5 17. Nd2 Nd7 18. axb5 axb5 19. Bf1 Rfb8 20. b4 cxb3 21. Nxb3
Nc4 22. Rxa8 Rxa8 23. Qd5 Rb8 24. Bxc4 bxc4 25. Nd2 Bf8 26. Ra1 Bc5 27. Bxc5
Nxc5 28. Qxc4 Rb2 29. Nf1 Qb6 30. Ra2 Nd3 31. Rxb2 Nxb2 32. Qd5 Qc7 33. Qb3 Nc4
34. Qc2 Qc6 35. f3 Na3 36. Qb3 Qc5+ 37. Kg2 Kg7 38. Qb4 Qa7 39. Qb2 Nc4 40. Qe2
Qc5 41. h4 f5 42. Qd3 f4 43. Qd7+ Kf8 44. gxf4 Ne3+ 45. Nxe3 Qxe3 46. Qd1 exf4
47. c4 Kg7 48. Qc2 Qe1 49. Qf2 Qc1 50. c5 Qc3 51. e5 Qxe5 52. c6 Kh6 53. Qc2
Qe1 54. Qd3 Qg3+ 55. Kf1 Qh3+ 56. Ke2 Qxh4 57. Qd6 Qg3 58. c7 Qg2+ 59. Ke1 Qg1+
60. Kd2 Qe3+ 61. Kc2 Qe2+ 62. Qd2 Qc4+ 63. Qc3 Qa2+ 64. Kc1 1-0

[Event "Cappelle-la-Grande"]
[Site "Cappelle-la-Grande (FRA)"]
[Date "2013.02.24"]
[Round "2.63"]
[White "Mevel, Alberic"]
[Black "Mueller, Ralf"]
[Result "0-1"]
[WhiteElo "2224"]
[BlackElo "2412"]
[PlyCount "58"]
[EventDate "2013.??.??"]

1. e4 e5 2. Bc4 Nc6 3. Nf3 Nf6 4. d4 exd4 5. O-O Nxe4 6. Re1 d5 7. Bxd5 Qxd5 8.
Nc3 Qa5 9. Nxe4 Be6 10. Bd2 Qd5 11. c4 Qxc4 12. Rc1 Qd5 13. b4 a6 14. Nfg5 Be7
15. Nc5 Bxg5 16. Nxe6 fxe6 17. Rc5 Qd7 18. Rxg5 O-O 19. Re4 Rf5 20. Rg3 Rf7 21.
Rh4 Ne7 22. Rgh3 g6 23. Bf4 Qd5 24. Rg4 e5 25. Bg5 Nf5 26. Bd2 Rd8 27. Rg5 Rd6
28. f4 Ne3 29. Qh5 Qe4 0-1

[Event "Cappelle-la-Grande"]
[Site "Cappelle-la-Grande (FRA)"]
[Date "2013.02.24"]
[Round "2.64"]
[White "Collas, Didier"]
[Black "Ionica, Iulia-Ionela"]
[Result "1/2-1/2"]
[WhiteElo "2404"]
[BlackElo "2214"]
[PlyCount "83"]
[EventDate "2013.??.??"]

1. d4 Nf6 2. Nf3 g6 3. Nbd2 Bg7 4. e4 d6 5. Bc4 O-O 6. O-O c6 7. Bb3 Qc7 8. Re1
e5 9. Nc4 Ne8 10. c3 b5 11. Ne3 a5 12. a4 b4 13. dxe5 dxe5 14. cxb4 axb4 15.
Qc2 Na6 16. Bd2 Kh8 17. Rec1 Bb7 18. a5 Nd6 19. Nc4 Nb5 20. Nb6 Rad8 21. Ba4
Nd4 22. Nxd4 exd4 23. Qd3 f5 24. exf5 Rxf5 25. Bxc6 Nc5 26. Bxb7 Qxb7 27. Rxc5
Rxc5 28. Bxb4 Rg5 29. f3 Re5 30. Re1 Rde8 31. Rxe5 Rxe5 32. Bd2 Re6 33. b4 Qe7
34. Kf1 Qh4 35. Qc4 Re8 36. Qc6 Rf8 37. Qd6 Qh5 38. Nd5 Qf5 39. Nc7 Be5 40. Qe7
Bxc7 41. Bh6 Qb1+ 42. Kf2 1/2-1/2

[Event "Cappelle-la-Grande"]
[Site "Cappelle-la-Grande (FRA)"]
[Date "2013.02.24"]
[Round "2.65"]
[White "Iturrizaga, Eduardo"]
[Black "Medghoul, Sherif"]
[Result "1-0"]
[WhiteElo "2646"]
[BlackElo "2205"]
[PlyCount "79"]
[EventDate "2013.??.??"]

1. Nf3 Nf6 2. c4 e6 3. Nc3 d5 4. d4 c6 5. Bg5 dxc4 6. e4 b5 7. e5 h6 8. Bh4 g5
9. Nxg5 hxg5 10. Bxg5 Be7 11. exf6 Bxf6 12. Bxf6 Qxf6 13. g3 Bb7 14. Bg2 Na6
15. Nxb5 cxb5 16. Bxb7 Nb4 17. O-O Rd8 18. a4 Rxd4 19. Qf3 Qxf3 20. Bxf3 Rd3
21. Bd1 a6 22. axb5 axb5 23. Ra5 Ke7 24. Rxb5 Nd5 25. Be2 Rd4 26. Rc1 Rc8 27.
Rb7+ Kf6 28. Bh5 Ne7 29. Ra1 Rc5 30. Bxf7 Nc8 31. Bg8 Nd6 32. Rd7 Rb5 33. Ra6
Rbd5 34. h4 Rd1+ 35. Kg2 R5d2 36. Kh3 Rd3 37. h5 Kg5 38. Ra5+ Kf6 39. h6 Rd5
40. h7 1-0

[Event "Cappelle-la-Grande"]
[Site "Cappelle-la-Grande (FRA)"]
[Date "2013.02.24"]
[Round "2.66"]
[White "Fedorchuk, Sergey A"]
[Black "Varoquier, Romain"]
[Result "1-0"]
[WhiteElo "2643"]
[BlackElo "2194"]
[PlyCount "85"]
[EventDate "2013.??.??"]

1. e4 e5 2. Nf3 Nc6 3. Bc4 Bc5 4. d3 d6 5. c3 Nf6 6. Bb3 O-O 7. Bg5 a6 8. Nbd2
h6 9. Bh4 Ba7 10. O-O Bg4 11. h3 Be6 12. Kh1 Kh8 13. Nh2 g5 14. Bg3 Ne7 15. d4
Bxb3 16. axb3 Ng6 17. Ng4 Nxg4 18. Qxg4 Qc8 19. Qh5 Kg7 20. Nc4 Qe6 21. Ne3 Ne7
22. dxe5 dxe5 23. Ng4 Nc6 24. Rad1 Bc5 25. b4 Bd6 26. Ne3 Ne7 27. Bh2 f5 28.
exf5 Nxf5 29. Qg4 Qg6 30. Nc4 Rae8 31. Rfe1 Nh4 32. Bxe5+ Bxe5 33. Nxe5 Qe6 34.
Qg3 Ng6 35. Nf3 Qf7 36. Qg4 Rxe1+ 37. Rxe1 Rd8 38. Kg1 Rd6 39. Qc8 b5 40. Nd4
Rf6 41. f3 Nf4 42. Re8 h5 43. Rd8 1-0

[Event "Cappelle-la-Grande"]
[Site "Cappelle-la-Grande (FRA)"]
[Date "2013.02.24"]
[Round "2.68"]
[White "Cieza, Arcadio"]
[Black "Svetushkin, Dmitry"]
[Result "0-1"]
[WhiteElo "2188"]
[BlackElo "2612"]
[PlyCount "70"]
[EventDate "2013.??.??"]

1. b3 e5 2. Bb2 d6 3. e3 f5 4. d4 e4 5. d5 Nf6 6. Nh3 Nbd7 7. Bb5 a6 8. Nf4
axb5 9. Ne6 Qe7 10. Nxc7+ Kf7 11. Nxa8 Qd8 12. a4 Qa5+ 13. b4 Qxa8 14. axb5 Qb8
15. c4 Ne5 16. Bxe5 dxe5 17. Qb3 b6 18. O-O f4 19. Nd2 f3 20. gxf3 exf3 21. e4
Bg4 22. Rfe1 Bh5 23. Kh1 Bd6 24. Ra6 Rd8 25. Rg1 Kg8 26. Qa3 Ng4 27. Rf1 Qc8
28. c5 Rf8 29. Nxf3 Ne3 30. fxe3 Qh3 31. Qd3 Bxf3+ 32. Rxf3 Qxf3+ 33. Kg1 Qf2+
34. Kh1 Qe1+ 35. Kg2 Rf2+ 0-1

[Event "Cappelle-la-Grande"]
[Site "Cappelle-la-Grande (FRA)"]
[Date "2013.02.24"]
[Round "2.70"]
[White "Semcesen, Daniel"]
[Black "Daurelle, Herve"]
[Result "1-0"]
[WhiteElo "2479"]
[BlackElo "2183"]
[PlyCount "85"]
[EventDate "2013.??.??"]

1. d4 Nf6 2. c4 e6 3. Nc3 Bb4 4. a3 Bxc3+ 5. bxc3 O-O 6. f3 Ne8 7. e4 b6 8. Bd3
Ba6 9. Nh3 c5 10. d5 exd5 11. cxd5 Bxd3 12. Qxd3 d6 13. O-O Nd7 14. Bg5 f6 15.
Bh4 Ne5 16. Qe2 c4 17. a4 Nc7 18. Bg3 b5 19. axb5 Nxb5 20. Nf4 Qd7 21. Qc2 Rfc8
22. Ra5 Rab8 23. Rfa1 Rb7 24. h3 Nd3 25. Ne6 Nc5 26. Nxc5 Rxc5 27. Ra6 Rc8 28.
Kh2 Qe8 29. Qd2 h6 30. R1a4 Rcc7 31. Rb4 Kh8 32. Raa4 Qc8 33. Qb2 a6 34. Rxa6
Nxc3 35. Rxb7 Qxb7 36. Rb6 Qa7 37. Rxd6 Na4 38. Qc2 Rb7 39. e5 Qa5 40. exf6 Nc3
41. fxg7+ Kg8 42. Be5 Nxd5 43. Qxc4 1-0

[Event "Cappelle-la-Grande"]
[Site "Cappelle-la-Grande (FRA)"]
[Date "2013.02.24"]
[Round "2.72"]
[White "Butnorius, Algimantas"]
[Black "Jarmula, Lukasz"]
[Result "0-1"]
[WhiteElo "2400"]
[BlackElo "2164"]
[PlyCount "168"]
[EventDate "2013.??.??"]

1. Nf3 Nf6 2. c4 g6 3. Nc3 d5 4. cxd5 Nxd5 5. e4 Nxc3 6. dxc3 Qxd1+ 7. Kxd1 Nd7
8. Bf4 c6 9. Kc2 f6 10. Nd2 e5 11. Be3 Bc5 12. Bxc5 Nxc5 13. b4 Ne6 14. Bc4 Nc7
15. Bb3 Be6 16. g3 O-O-O 17. Nc4 Bg4 18. Rhe1 Rd7 19. Re3 Rhd8 20. f3 Be6 21.
Re2 Rd3 22. Ne3 Bxb3+ 23. axb3 Nb5 24. Nd5 Rxf3 25. Ne3 Nd4+ 26. cxd4 exd4 27.
Rxa7 Kb8 28. Ra1 dxe3 29. Rae1 Rd2+ 30. Rxd2 exd2 31. Rd1 Re3 32. Rxd2 Rxe4 33.
Kc3 Kc7 34. Rf2 f5 35. Rd2 f4 36. gxf4 Rxf4 37. Rd3 Rh4 38. h3 Kb6 39. Re3 g5
40. Rg3 h5 41. Rxg5 Rxh3+ 42. Kb2 h4 43. Rh5 Rh2+ 44. Kc3 h3 45. Rh7 Rh1 46.
Kb2 Rh2+ 47. Kc3 Rh1 48. Kb2 Ka7 49. Kc3 Kb8 50. Kb2 Kc8 51. Ka2 Rh2+ 52. Ka3
Rh1 53. Kb2 b6 54. Ka2 Kd8 55. Kb2 Ke8 56. Rh6 Kf7 57. Rxc6 Kg7 58. Rc3 b5 59.
Rf3 Kg6 60. Rg3+ Kf5 61. Rd3 Ke4 62. Rg3 Kf4 63. Rd3 Kg4 64. Rd4+ Kg3 65. Rd3+
Kf2 66. Rd2+ Ke3 67. Rc2 h2 68. Rc3+ Kf2 69. Rc2+ Kg3 70. Rc3+ Kg4 71. Rc2 Rb1+
72. Kxb1 h1=Q+ 73. Kb2 Qh8+ 74. Ka2 Qd4 75. Re2 Kf3 76. Rh2 Qxb4 77. Rh3+ Kg4
78. Rd3 Kf4 79. Kb2 Ke4 80. Rd1 Qa5 81. Rd7 b4 82. Re7+ Kd5 83. Re3 Kd4 84. Rh3
Qe5 0-1

[Event "Cappelle-la-Grande"]
[Site "Cappelle-la-Grande (FRA)"]
[Date "2013.02.24"]
[Round "2.73"]
[White "Massoni, Michael"]
[Black "Marchyllie, Bruno"]
[Result "1-0"]
[WhiteElo "2395"]
[BlackElo "2162"]
[PlyCount "87"]
[EventDate "2013.??.??"]

1. e4 e5 2. Nf3 Nc6 3. Bb5 a6 4. Ba4 d6 5. c3 Bd7 6. d3 Be7 7. O-O Nf6 8. Re1
O-O 9. Nbd2 b5 10. Bb3 Na5 11. Bc2 c5 12. Nf1 h6 13. Ng3 Nh7 14. h3 Ng5 15. Nh2
Bf6 16. Ng4 Kh7 17. f4 Ne6 18. fxe5 Bxe5 19. Nf5 Nf4 20. d4 cxd4 21. cxd4 Bxf5
22. exf5 Qb6 23. Be3 Qc6 24. f6+ g6 25. Bxf4 Bxf4 26. Be4 d5 27. Qf3 Qd6 28.
Bd3 Nc6 29. Rf1 Bg5 30. Qf2 Qd7 31. Rae1 Rae8 32. Ne5 Nxe5 33. dxe5 d4 34. Kh1
Be3 35. Rxe3 dxe3 36. Qxe3 Qd5 37. Re1 Re6 38. Be4 Qxa2 39. Bxg6+ fxg6 40. Qa7+
Re7 41. Qxe7+ Rf7 42. e6 Rxe7 43. fxe7 Qa5 44. Rf1 1-0